[Event "Olimpiade 2022 - Open"]
[Site "Chennai"]
[Date "07.08.2022"]
[Round "9.25"]
[Board "3"]
[White "Sousa, Andre Ventura"]
[Black "Pelletier, Yannick"]
[Result "1/2-1/2"]
[WhiteTitle "IM"]
[BlackTitle "GM"]
[WhiteElo "2420"]
[BlackElo "2551"]
[WhiteTeam "Portugal"]
[BlackTeam "Switzerland"]
[WhiteFideId "1917617"]
[BlackFideId "1301837"]
[EventDate "2022.07.29"]

1. c4 Nf6 2. g3 e6 3. Bg2 d5 4. Nf3 dxc4 5. Qa4+ Bd7 6. Qxc4 c5 7. Ne5 Qc8 8.
O-O Nc6 9. Nxd7 Qxd7 10. Nc3 Rc8 11. d3 Be7 12. a4 b6 13. Bxc6 Rxc6 14. a5 O-O
15. axb6 Rxb6 16. Na4 Rb5 17. Bg5 Rc8 18. Rfc1 h6 19. Bd2 Nd5 20. Ra3 Rcb8 21.
e4 Nb6 22. Nxb6 R5xb6 23. Bc3 R8b7 24. Rca1 Rd6 25. Be5 Rdb6 26. Ra6 Bf6 27.
Bxf6 gxf6 28. Rxb6 Rxb6 29. Ra3 Qd4 30. b3 Rd6 31. Rxa7 Qxd3 32. Qxd3 1/2-1/2

[Event "Olimpiade 2022 - Open"]
[Site "Chennai"]
[Date "07.08.2022"]
[Round "9.25"]
[Board "4"]
[White "Kurmann, Oliver"]
[Black "Santos, Jose Guilherme B Lima"]
[Result "1/2-1/2"]
[WhiteTitle "IM"]
[BlackTitle "FM"]
[WhiteElo "2463"]
[BlackElo "2361"]
[WhiteTeam "Switzerland"]
[BlackTeam "Portugal"]
[WhiteFideId "1308173"]
[BlackFideId "1939300"]
[EventDate "2022.07.29"]

1. e4 c6 2. d4 d5 3. e5 Bf5 4. h4 h5 5. Bd3 Bxd3 6. Qxd3 Qa5+ 7. b4 Qxb4+ 8. Nd2
e6 9. Rb1 Qe7 10. c4 b6 11. Ne2 Qd7 12. Ba3 Ne7 13. Ng3 Ng6 14. Bxf8 Kxf8 15.
Rd1 Qe7 16. cxd5 cxd5 17. Rc1 Qd7 18. Nf3 Nc6 19. O-O Nge7 20. Qe3 f6 21. Rfe1
Kf7 22. Ne2 Ng6 23. Nf4 Nxf4 24. Qxf4 f5 25. Ng5+ Ke8 26. Re3 Na5 27. Nh3 Rh6
28. Rg3 Nc4 29. Qxh6 gxh6 30. Rg8+ Kf7 31. Rxa8 Qb7 32. Rh8 Kg7 33. Re8 Qd7 1/2-1/2

[Event "Olimpiade 2022 - Open"]
[Site "Chennai"]
[Date "07.08.2022"]
[Round "9.26"]
[Board "1"]
[White "Greet, Andrew N"]
[Black "Kadric, Denis"]
[Result "1/2-1/2"]
[WhiteTitle "IM"]
[BlackTitle "GM"]
[WhiteElo "2392"]
[BlackElo "2554"]
[WhiteTeam "Scotland"]
[BlackTeam "Montenegro"]
[WhiteFideId "405817"]
[BlackFideId "14403803"]
[EventDate "2022.07.29"]

1. d4 d6 2. e4 Nf6 3. Nc3 Nbd7 4. Nf3 e5 5. Rg1 c6 6. g4 h6 7. h4 exd4 8. Nxd4
Ne5 9. Be2 d5 10. exd5 Nxd5 11. Nxd5 Qxd5 12. c3 Bc5 13. Be3 Nc4 14. Bxc4 Qxc4
15. Qb3 Qxb3 16. axb3 Be7 17. h5 a6 18. O-O-O g6 19. hxg6 fxg6 20. Rde1 Bd7 21.
Nf3 O-O-O 22. Bxh6 Bc5 23. Be3 Bxe3+ 24. Rxe3 Rdf8 25. Rg2 Rh1+ 26. Re1 Rxe1+
27. Nxe1 a5 28. f3 Be6 29. Kc2 b5 30. Re2 Bd5 31. Re7 Rf6 32. b4 axb4 33. cxb4
Rf4 34. Rg7 Rc4+ 35. Kd2 Rd4+ 36. Kc3 Rc4+ 37. Kd2 Rd4+ 38. Kc3 Rc4+ 1/2-1/2

[Event "Olimpiade 2022 - Open"]
[Site "Chennai"]
[Date "07.08.2022"]
[Round "9.26"]
[Board "2"]
[White "Djukic, Nikola"]
[Black "Gourlay, Iain"]
[Result "1/2-1/2"]
[WhiteTitle "GM"]
[BlackTitle "FM"]
[WhiteElo "2526"]
[BlackElo "2321"]
[WhiteTeam "Montenegro"]
[BlackTeam "Scotland"]
[WhiteFideId "922412"]
[BlackFideId "2401533"]
[EventDate "2022.07.29"]

1. e4 c6 2. d4 d5 3. e5 c5 4. Nf3 cxd4 5. Nxd4 Nc6 6. Nxc6 bxc6 7. Bd3 e6 8. Be3
Ba6 9. O-O Bxd3 10. cxd3 Ne7 11. Qc2 Qc7 12. f4 Nf5 13. Bf2 h5 14. Rc1 Kd7 15.
Nd2 Be7 16. Qd1 g5 17. d4 gxf4 18. Nf3 Rhg8 19. Rc3 Rab8 20. Qc2 Rg6 21. Rc1 c5
22. dxc5 Qc6 23. Ra3 Rbg8 24. Rxa7+ Ke8 25. Qa4 Rxg2+ 26. Kf1 Qxa4 27. Rxa4 Ne3+
28. Ke1 Rxf2 29. Kxf2 Rg2+ 30. Ke1 Nc2+ 31. Rxc2 Rxc2 32. b4 f6 33. Ra6 Rc4 34.
Rxe6 Kd7 35. Rb6 Re4+ 36. Kf2 fxe5 37. a4 Rxb4 38. Nxe5+ Kc7 39. Rxb4 Bxc5+ 40.
Kf3 Bxb4 1/2-1/2

[Event "Olimpiade 2022 - Open"]
[Site "Chennai"]
[Date "07.08.2022"]
[Round "9.26"]
[Board "3"]
[White "Olson, Hamish"]
[Black "Draskovic, Luka"]
[Result "1/2-1/2"]
[WhiteTitle "FM"]
[BlackTitle "IM"]
[WhiteElo "2343"]
[BlackElo "2503"]
[WhiteTeam "Scotland"]
[BlackTeam "Montenegro"]
[WhiteFideId "2404257"]
[BlackFideId "944335"]
[EventDate "2022.07.29"]

1. d4 Nf6 2. Nf3 g6 3. g3 Bg7 4. Bg2 O-O 5. O-O d6 6. c3 Nbd7 7. Qc2 Re8 8. e4
e5 9. Re1 c6 10. Nbd2 d5 11. exd5 Nxd5 12. dxe5 Nxe5 13. Nxe5 Rxe5 14. Rxe5 Bxe5
15. Nf3 Bf6 16. Bh6 Bf5 17. Qb3 Qb6 18. Re1 Qxb3 19. axb3 Rd8 20. Ne5 Re8 21.
Nd3 Rxe1+ 22. Nxe1 Nb6 23. Be3 Kf8 24. Kf1 Be6 25. Nd3 Nd7 26. Bxa7 Bxb3 27. Nc5
Nxc5 28. Bxc5+ Ke8 29. Ke2 Kd7 30. Kd3 Be6 31. h4 Bf5+ 32. Kd2 Be6 33. b4 Bc4
34. Bf3 h5 35. Bg2 Bg7 36. Bh3+ Be6 37. Bg2 Bc4 38. Bh3+ Be6 39. Bg2 Bc4 40.
Bh3+ 1/2-1/2

[Event "Olimpiade 2022 - Open"]
[Site "Chennai"]
[Date "07.08.2022"]
[Round "9.26"]
[Board "4"]
[White "Blagojevic, Dragisa"]
[Black "Tate, Alan"]
[Result "1/2-1/2"]
[WhiteTitle "GM"]
[BlackTitle "FM"]
[WhiteElo "2499"]
[BlackElo "2313"]
[WhiteTeam "Montenegro"]
[BlackTeam "Scotland"]
[WhiteFideId "900885"]
[BlackFideId "2401878"]
[EventDate "2022.07.29"]

1. d4 d5 2. c4 e6 3. Nf3 Nf6 4. g3 dxc4 5. Bg2 a6 6. Ne5 Bb4+ 7. Nc3 Nd5 8. Bd2
Nb6 9. e3 N8d7 10. Nxd7 Qxd7 11. Ne4 a5 12. O-O O-O 13. Qc2 Qe7 14. Bxb4 axb4
15. Nd2 e5 16. Nxc4 Nxc4 17. Qxc4 exd4 18. exd4 c6 19. Rfe1 Qd6 20. d5 c5 21.
Qe4 Bd7 22. Qe7 Ra6 23. Qxd6 Rxd6 24. a3 bxa3 25. Rxa3 Re8 26. Rxe8+ Bxe8 27.
Ra7 b6 28. Kf1 Bb5+ 29. Ke1 g5 30. b3 Kg7 31. Rb7 Ba6 32. Rb8 c4 33. Bf1 b5 34.
bxc4 1/2-1/2

[Event "Olimpiade 2022 - Open"]
[Site "Chennai"]
[Date "07.08.2022"]
[Round "9.27"]
[Board "1"]
[White "Gretarsson, Hjorvar Steinn"]
[Black "Hossain, Enamul"]
[Result "1/2-1/2"]
[WhiteTitle "GM"]
[BlackTitle "GM"]
[WhiteElo "2563"]
[BlackElo "2377"]
[WhiteTeam "Iceland"]
[BlackTeam "Bangladesh"]
[WhiteFideId "2302241"]
[BlackFideId "10200649"]
[EventDate "2022.07.29"]

1. c4 c6 2. Nf3 d5 3. e3 Nf6 4. d4 e6 5. b3 Ne4 6. Bd3 Bb4+ 7. Nbd2 Nd7 8. Bb2
f5 9. a3 Bd6 10. Ne5 Nxd2 11. Qxd2 O-O 12. Qc2 Qe7 13. O-O Nf6 14. b4 Bd7 15. c5
Bxe5 16. dxe5 Ng4 17. Qe2 Qh4 18. h3 Nh6 19. f4 g5 20. Qf2 Qh5 21. fxg5 Qxg5 22.
Qf4 Qh5 23. Bc3 Rf7 24. Rf3 Rg7 25. Raf1 Kf7 26. R1f2 Rag8 27. Be2 Qg6 28. e4
dxe4 29. Qxe4 Ke8 30. Qh4 Nf7 31. Rd3 Qg5 32. Qd4 Bc8 33. Bd2 Qd8 34. Qc4 Qe7
35. Bh5 Rg3 36. Bf4 Rxd3 37. Qxd3 Kf8 38. g4 Kg7 39. gxf5 exf5 40. e6 Bxe6 41.
Kh2 Qf6 42. Re2 Bd5 43. Bf3 Bxf3 44. Qxf3 h6 45. Bd2 Kh7 46. Bc3 Ng5 47. Qe3 Qf7
48. Qf4 Nxh3 49. Qd6 Ng5 50. Re7 Nf3+ 51. Kh3 Ng1+ 52. Kh2 Nf3+ 1/2-1/2

[Event "Olimpiade 2022 - Open"]
[Site "Chennai"]
[Date "07.08.2022"]
[Round "9.27"]
[Board "2"]
[White "Rahman, Ziaur"]
[Black "Stefansson, Hannes"]
[Result "1/2-1/2"]
[WhiteTitle "GM"]
[BlackTitle "GM"]
[WhiteElo "2424"]
[BlackElo "2541"]
[WhiteTeam "Bangladesh"]
[BlackTeam "Iceland"]
[WhiteFideId "10200037"]
[BlackFideId "2300087"]
[EventDate "2022.07.29"]

1. d4 Nf6 2. Bg5 d5 3. e3 c5 4. Bxf6 gxf6 5. Nc3 e6 6. Bb5+ Nc6 7. Nge2 f5 8.
O-O Bd7 9. Nf4 Qf6 10. dxc5 Bxc5 11. Na4 Bd6 12. c4 d4 13. Nh5 Qh6 14. exd4 Rg8
15. f4 O-O-O 16. d5 exd5 17. cxd5 Ne7 18. Bxd7+ Rxd7 19. Qd4 Qxh5 20. Qxa7 Kd8
21. Rac1 Rc7 22. Rxc7 Bxc7 23. Nc5 Qe2 24. Nxb7+ Kd7 25. Qa4+ Kc8 26. Qa8+ Kd7
27. Qa4+ Kc8 28. Qa8+ Kd7 29. Qa4+ Kc8 30. Qa8+ Kd7 31. Qa4+ 1/2-1/2

[Event "Olimpiade 2022 - Open"]
[Site "Chennai"]
[Date "07.08.2022"]
[Round "9.27"]
[Board "3"]
[White "Kjartansson, Gudmundur"]
[Black "Murshed, Niaz"]
[Result "1-0"]
[WhiteTitle "GM"]
[BlackTitle "GM"]
[WhiteElo "2448"]
[BlackElo "2413"]
[WhiteTeam "Iceland"]
[BlackTeam "Bangladesh"]
[WhiteFideId "2301318"]
[BlackFideId "10200010"]
[EventDate "2022.07.29"]

1. d4 Nf6 2. c4 e6 3. Nf3 Bb4+ 4. Nbd2 d5 5. Qa4+ Nc6 6. e3 O-O 7. a3 Bxd2+ 8.
Bxd2 Ne4 9. Rd1 Qe7 10. Bd3 Nxd2 11. Rxd2 Bd7 12. Qc2 h6 13. O-O Rfd8 14. b4 a5
15. cxd5 exd5 16. b5 Na7 17. Qxc7 Qxa3 18. Ne5 Be8 19. Rdd1 Qd6 20. Qxa5 b6 21.
Qd2 Bxb5 22. Rb1 Bxd3 23. Qxd3 b5 24. Qf5 Qe6 25. Qxe6 fxe6 26. Rb2 Rac8 27. g4
Rc7 28. Kg2 Rb8 29. Rfb1 Kf8 30. Nd3 Ke7 31. Nc5 Rb6 32. f4 Rbc6 33. h4 Kd6 34.
Kf3 Rb6 35. h5 Rc8 36. Rg1 Rf8 37. g5 hxg5 38. Rxg5 Rf7 39. Rg6 Re7 40. f5 1-0

[Event "Olimpiade 2022 - Open"]
[Site "Chennai"]
[Date "07.08.2022"]
[Round "9.29"]
[Board "1"]
[White "Ragger, Markus"]
[Black "Gemy, Jose Daniel"]
[Result "1-0"]
[WhiteTitle "GM"]
[BlackTitle "IM"]
[WhiteElo "2647"]
[BlackElo "2373"]
[WhiteTeam "Austria"]
[BlackTeam "Bolivia"]
[WhiteFideId "1610856"]
[BlackFideId "3301478"]
[EventDate "2022.07.29"]

1. e4 e5 2. Nf3 Nc6 3. Bb5 Nf6 4. d3 Bc5 5. Bxc6 dxc6 6. O-O Nd7 7. c3 Bd6 8. d4
f6 9. Nbd2 Qe7 10. Nc4 Nb6 11. dxe5 Nxc4 12. exd6 Qxd6 13. Nd4 Bd7 14. b3 Nb6
15. Qh5+ g6 16. Qa5 O-O-O 17. Qxa7 c5 18. Ba3 Qe5 19. Nf3 Qh5 20. Rae1 Bg4 21.
Re3 f5 22. exf5 gxf5 23. Bxc5 Rhg8 24. Ne5 Bh3 25. Rg3 Rxg3 26. hxg3 Rd1 27. f3
Bxg2 28. Kxg2 Rxf1 29. Kxf1 Qh3+ 30. Ke2 Qxg3 31. Nd3 Qg2+ 32. Bf2 h5 33. Nc5 1-0

[Event "Olimpiade 2022 - Open"]
[Site "Chennai"]
[Date "07.08.2022"]
[Round "9.29"]
[Board "2"]
[White "Pinto, Daniel"]
[Black "Blohberger, Felix"]
[Result "0-1"]
[WhiteTitle "FM"]
[BlackTitle "GM"]
[WhiteElo "2249"]
[BlackElo "2492"]
[WhiteTeam "Bolivia"]
[BlackTeam "Austria"]
[WhiteFideId "3303144"]
[BlackFideId "1632051"]
[EventDate "2022.07.29"]

1. c4 c6 2. Nf3 d5 3. e3 Nf6 4. b3 Bf5 5. Nh4 Bg4 6. Qc2 e6 7. h3 Bh5 8. g4 Ne4
9. d3 Bb4+ 10. Nd2 Nxf2 11. Kxf2 Qxh4+ 12. Kg2 Bd6 13. Be2 Bg6 14. Nf3 Qg3+ 15.
Kf1 Na6 16. Bd2 Nb4 17. Bxb4 Bxb4 18. Rg1 Qc7 19. h4 h5 20. Qb2 hxg4 21. Rxg4
Bh5 22. Qxg7 O-O-O 23. cxd5 Bc3 24. Qxc3 Bxg4 25. dxc6 Qxc6 26. Qxc6+ bxc6 27.
Rc1 Bxf3 28. Bxf3 Rxh4 29. Rxc6+ Kb8 30. d4 Rh3 31. Kg2 Rdh8 32. Rc5 Rh2+ 33.
Kg1 Rxa2 34. Rb5+ Kc8 35. Rc5+ Kd7 36. Rb5 Rc8 0-1

[Event "Olimpiade 2022 - Open"]
[Site "Chennai"]
[Date "07.08.2022"]
[Round "9.29"]
[Board "3"]
[White "Shengelia, David"]
[Black "Mendoza, Rodrigo"]
[Result "1-0"]
[WhiteTitle "GM"]
[WhiteElo "2462"]
[BlackElo "2215"]
[WhiteTeam "Austria"]
[BlackTeam "Bolivia"]
[WhiteFideId "13601270"]
[BlackFideId "3301931"]
[EventDate "2022.07.29"]

1. d4 Nf6 2. Nf3 e6 3. c4 Bb4+ 4. Nbd2 d5 5. Qa4+ Nc6 6. a3 Be7 7. e3 O-O 8. Bd3
dxc4 9. Nxc4 a6 10. Qc2 h6 11. Bd2 Re8 12. O-O Rb8 13. Rfd1 b6 14. e4 Bb7 15.
Bc3 Bf8 16. Rac1 Na7 17. b4 Qc8 18. Bb2 c5 19. Nxb6 Qc6 20. dxc5 1-0

[Event "Olimpiade 2022 - Open"]
[Site "Chennai"]
[Date "07.08.2022"]
[Round "9.29"]
[Board "4"]
[White "Bolanos, Fernando"]
[Black "Horvath, Dominik"]
[Result "0-1"]
[WhiteTitle "CM"]
[BlackTitle "IM"]
[WhiteElo "2258"]
[BlackElo "2488"]
[WhiteTeam "Bolivia"]
[BlackTeam "Austria"]
[WhiteFideId "3304094"]
[BlackFideId "1642561"]
[EventDate "2022.07.29"]

1. e4 c5 2. Nf3 e6 3. c4 Nc6 4. Nc3 Nf6 5. d4 cxd4 6. Nxd4 Bc5 7. Nb3 Bb4 8. Bd3
O-O 9. O-O Ne5 10. Be2 Ng6 11. Qd3 b6 12. f4 d6 13. Bf3 Nh4 14. Be3 Nxf3+ 15.
gxf3 Bxc3 16. Qxc3 Ba6 17. Rfd1 Rc8 18. Qd2 Nh5 19. Kh1 Bxc4 20. Rg1 e5 21. Rg5
exf4 22. Rxh5 fxe3 23. Qxe3 Bxb3 24. Qxb3 Rc5 25. Rxc5 dxc5 26. Rd1 Qf6 27. Qc3
Rd8 28. Rxd8+ Qxd8 29. Kg2 h5 30. Qe5 g6 31. Kg3 Kh7 32. b3 Qd7 33. Kf4 Qd2+ 34.
Kg3 Qxa2 35. Qd5 Kg8 36. e5 Qb2 37. Qd8+ Kh7 38. Qd5 Kg7 39. h4 Qd4 40. Qd6 Qxd6 0-1

[Event "Olimpiade 2022 - Open"]
[Site "Chennai"]
[Date "07.08.2022"]
[Round "9.30"]
[Board "1"]
[White "Amin, Bassem"]
[Black "Saraci, Nderim"]
[Result "1/2-1/2"]
[WhiteTitle "GM"]
[BlackTitle "IM"]
[WhiteElo "2680"]
[BlackElo "2495"]
[WhiteTeam "Egypt"]
[BlackTeam "Kosovo"]
[WhiteFideId "10601457"]
[BlackFideId "6351921"]
[EventDate "2022.07.29"]

1. Nf3 Nf6 2. g3 b6 3. Bg2 Bb7 4. O-O e6 5. d3 c5 6. e4 d5 7. e5 Nfd7 8. Re1 Nc6
9. h4 Be7 10. c4 d4 11. a3 a6 12. Nbd2 Qc7 13. Ne4 Ncxe5 14. Nxe5 Nxe5 15. Bf4
f6 16. Qh5+ g6 17. Nxf6+ Bxf6 18. Bxe5 Bxe5 19. Qxe5 Qxe5 20. Rxe5 Bxg2 21. Kxg2
Kd7 22. h5 Raf8 23. Rae1 Rf6 24. f4 Rg8 25. b4 gxh5 26. Rxh5 Rxf4 27. Rxh7+ Kd6
28. bxc5+ bxc5 29. Rb1 Rfg4 30. Rb6+ Ke5 31. Rh3 R4g5 32. Rxa6 R8g6 33. Rb6 Kf6
34. Rb2 Re5 35. Rh1 Re3 36. Rf1+ Ke7 37. Rf3 Re1 38. Ra2 Rh6 39. a4 Reh1 40.
Rff2 R6h2+ 41. Kf3 Rxf2+ 42. Rxf2 Rd1 43. Ke4 Re1+ 44. Kf4 Ra1 45. Rh2 Rf1+ 46.
Kg4 Ra1 47. Kg5 Rxa4 48. g4 Ra1 49. Rh7+ Kd6 50. Rh3 Re1 51. Rf3 e5 52. Rf6+ Ke7
53. Rc6 e4 54. dxe4 d3 55. Rc7+ Ke6 56. Rc6+ Ke7 57. Rc7+ Kd6 58. Rc8 Ke5 59.
Rxc5+ Kxe4 60. Rd5 Rc1 61. Kf6 Rxc4 62. Re5+ Kf4 63. Rd5 Rc6+ 64. Kf7 Ke4 65.
Rxd3 Kxd3 66. g5 Ke4 67. g6 Kf5 68. g7 Rc7+ 69. Kg8 Kg6 70. Kh8 Rxg7 1/2-1/2

[Event "Olimpiade 2022 - Open"]
[Site "Chennai"]
[Date "07.08.2022"]
[Round "9.30"]
[Board "2"]
[White "Saraci, Korab"]
[Black "Adly, Ahmed"]
[Result "0-1"]
[BlackTitle "GM"]
[WhiteElo "2287"]
[BlackElo "2582"]
[WhiteTeam "Kosovo"]
[BlackTeam "Egypt"]
[WhiteFideId "4701968"]
[BlackFideId "10601619"]
[EventDate "2022.07.29"]

1. e4 c6 2. d4 d6 3. Nf3 Nf6 4. Nc3 Bg4 5. Be2 Nbd7 6. h3 Bxf3 7. Bxf3 e5 8. O-O
Be7 9. Be3 O-O 10. Qd2 Re8 11. Rad1 Bf8 12. d5 h6 13. b4 Qc7 14. a4 Rec8 15. a5
cxd5 16. Nxd5 Nxd5 17. Qxd5 Nf6 18. Qb5 a6 19. Qb6 Qxb6 20. Bxb6 Rxc2 21. Rc1
Rac8 22. Rxc2 Rxc2 23. Rb1 d5 24. exd5 e4 25. Bd1 Rc4 26. b5 axb5 27. Bb3 Rc8
28. Be3 Bd6 29. Kf1 b4 30. Bd2 Ra8 31. Bc4 Rxa5 32. Bxb4 Ra4 33. Bxd6 Rxc4 34.
Rd1 Nd7 35. Ke2 f5 36. g4 fxg4 37. hxg4 Kf7 38. Bf4 Rc2+ 39. Ke3 g5 40. Bg3 Nf6
41. Rb1 b6 42. d6 Ke6 43. Kd4 Rc6 44. Rh1 Nxg4 45. Kxe4 h5 46. Re1 Kd7 47. f3
Nh6 48. Ra1 Ke6 49. Rd1 Nf5 50. Bh2 0-1

[Event "Olimpiade 2022 - Open"]
[Site "Chennai"]
[Date "07.08.2022"]
[Round "9.30"]
[Board "3"]
[White "Fawzy, Adham"]
[Black "Makolli, Perparim"]
[Result "1-0"]
[WhiteTitle "GM"]
[BlackTitle "FM"]
[WhiteElo "2471"]
[BlackElo "2247"]
[WhiteTeam "Egypt"]
[BlackTeam "Kosovo"]
[WhiteFideId "10613129"]
[BlackFideId "908630"]
[EventDate "2022.07.29"]

1. e4 c5 2. Nf3 e6 3. d4 cxd4 4. Nxd4 a6 5. Bd3 Nf6 6. O-O Qc7 7. Be3 d5 8. Nc3
dxe4 9. Nxe4 Nbd7 10. c4 Nxe4 11. Bxe4 Nf6 12. Bf3 Be7 13. c5 e5 14. Qa4+ Bd7
15. c6 bxc6 16. Nf5 c5 17. Nxg7+ Kf8 18. Bh6 Bxa4 19. Ne6+ Kg8 20. Nxc7 Ra7 21.
Rfe1 e4 22. Nd5 Nxd5 23. Rxe4 Bc2 24. Rg4+ Bg6 25. Bxd5 Bf8 26. Be3 Bg7 27. h4
Rd7 28. Bb3 Bxb2 29. Re1 Bc3 30. Rc1 Bb2 31. Rxc5 Kf8 32. h5 Bb1 33. Rc8+ 1-0

[Event "Olimpiade 2022 - Open"]
[Site "Chennai"]
[Date "07.08.2022"]
[Round "9.30"]
[Board "4"]
[White "Asllani, Muhamet"]
[Black "Hesham, Abdelrahman"]
[Result "1-0"]
[BlackTitle "GM"]
[WhiteElo "2235"]
[BlackElo "2386"]
[WhiteTeam "Kosovo"]
[BlackTeam "Egypt"]
[WhiteFideId "22100300"]
[BlackFideId "10600183"]
[EventDate "2022.07.29"]

1. Nf3 d5 2. d4 Nf6 3. Bg5 Nbd7 4. e3 e6 5. Nbd2 Be7 6. c4 O-O 7. Bd3 c5 8. cxd5
exd5 9. O-O b6 10. Qa4 a6 11. Ne5 Nxe5 12. dxe5 Ng4 13. Bf4 c4 14. Be2 f6 15.
Qc6 Ra7 16. Nf3 fxe5 17. Nxe5 Nxe5 18. Bxe5 Bf6 19. Bc3 Rd7 20. Rad1 Rd6 21. Qa4
b5 22. Qa3 d4 23. exd4 Bxd4 24. Bb4 Bxf2+ 25. Kh1 Rxd1 26. Rxd1 Qe8 27. Bxc4+
bxc4 28. Bxf8 Bg4 29. Rc1 Bd4 30. Bc5 Bf6 31. Qxa6 Be2 32. Re1 Qd7 33. Qa8+ Kf7
34. Qf8+ Kg6 35. Qd6 Qf5 36. Bd4 Bd3 37. Bxf6 gxf6 38. a3 Qb5 39. Re3 Qxb2 40.
Rg3+ Kh5 41. Qd5+ Qe5 42. Qxe5+ fxe5 43. Kg1 e4 44. Kf2 c3 45. Ke1 Kh6 46. a4
Kh5 47. a5 Kh6 48. Rxd3 1-0

[Event "Olimpiade 2022 - Open"]
[Site "Chennai"]
[Date "07.08.2022"]
[Round "9.31"]
[Board "1"]
[White "Munoz Santana, Jose Lisandro"]
[Black "Dardha, Daniel"]
[Result "0-1"]
[WhiteTitle "IM"]
[BlackTitle "GM"]
[WhiteElo "2423"]
[BlackElo "2575"]
[WhiteTeam "Dominican Republic"]
[BlackTeam "Belgium"]
[WhiteFideId "6400361"]
[BlackFideId "240990"]
[EventDate "2022.07.29"]

1. e4 c5 2. Nf3 d6 3. d4 Nf6 4. Nc3 cxd4 5. Nxd4 Nc6 6. Bg5 a6 7. Qd2 e6 8.
O-O-O Bd7 9. f3 Nxd4 10. Qxd4 Be7 11. Kb1 Qc7 12. g4 b5 13. Be3 b4 14. Ne2 O-O
15. g5 Rfc8 16. Qd2 Ne8 17. Nd4 d5 18. e5 Bc5 19. f4 Qb6 20. Rg1 Nc7 21. Rg3 Bb5
22. Nb3 Bxe3 23. Rxe3 Bc4 24. Rh3 Nb5 25. Bd3 g6 26. Qe1 Bxd3 27. cxd3 Qd8 28.
Rh6 Qc7 29. Rc1 Qb6 30. Rd1 Kg7 31. d4 Rc4 32. Rd3 Rh8 33. Qh4 Nc3+ 34. bxc3
bxc3 35. Rh3 c2+ 36. Kc1 Qb4 37. Rxh7+ Kf8 38. Rxh8+ Ke7 39. Rc3 Rxc3 40. Qe1
Qa3+ 41. Kd2 c1=Q+ 0-1

[Event "Olimpiade 2022 - Open"]
[Site "Chennai"]
[Date "07.08.2022"]
[Round "9.31"]
[Board "2"]
[White "Docx, Stefan"]
[Black "Guzman, Christopher"]
[Result "1-0"]
[WhiteTitle "IM"]
[BlackTitle "FM"]
[WhiteElo "2434"]
[BlackElo "2243"]
[WhiteTeam "Belgium"]
[BlackTeam "Dominican Republic"]
[WhiteFideId "200778"]
[BlackFideId "6405096"]
[EventDate "2022.07.29"]

1. d4 Nf6 2. c4 e6 3. g3 d5 4. Bg2 dxc4 5. Nf3 c5 6. O-O Nc6 7. Na3 cxd4 8. Nxc4
Be7 9. b3 O-O 10. Bb2 Nd5 11. Nxd4 Nxd4 12. Qxd4 Bf6 13. Qd2 Bxb2 14. Qxb2 b5
15. Rfd1 bxc4 16. bxc4 Qb6 17. Qa3 Qa6 18. Qxa6 Bxa6 19. cxd5 Bxe2 20. Re1 Bc4
21. dxe6 Rac8 22. e7 Rfe8 23. Bh3 Be6 24. Rxe6 1-0

[Event "Olimpiade 2022 - Open"]
[Site "Chennai"]
[Date "07.08.2022"]
[Round "9.31"]
[Board "3"]
[White "Arvelo Leo, Gian Carlo"]
[Black "Maerevoet, Sim"]
[Result "1/2-1/2"]
[WhiteTitle "FM"]
[BlackTitle "FM"]
[WhiteElo "2176"]
[BlackElo "2409"]
[WhiteTeam "Dominican Republic"]
[BlackTeam "Belgium"]
[WhiteFideId "6402720"]
[BlackFideId "241725"]
[EventDate "2022.07.29"]

1. Nf3 d5 2. g3 g6 3. Bg2 Bg7 4. d4 c6 5. O-O Nf6 6. c3 O-O 7. Bf4 Nh5 8. Bc1
Nd7 9. Na3 Nb6 10. Re1 Bf5 11. Nh4 Bg4 12. h3 Be6 13. Nf3 Nf6 14. Bf4 Qc8 15.
Kh2 Ne4 16. Rf1 h6 17. Nd2 Nd6 18. Re1 g5 19. Be5 f6 20. Bxd6 exd6 21. e4 dxe4
22. Nxe4 Qd7 23. Nd2 f5 24. Nf3 Nd5 25. c4 Nf6 26. d5 cxd5 27. Nd4 Bf7 28. cxd5
Nxd5 29. Ne6 Nf6 30. Nxf8 Rxf8 31. Rc1 Ne4 32. Re2 d5 33. Qd3 Qd6 34. Nb5 Qb6
35. Rcc2 d4 36. b4 a6 37. Nc7 Nc3 38. Re7 Qxb4 39. Rd7 Qa5 40. Rb2 b6 41. Qxa6
Qxa6 42. Nxa6 b5 43. Nc7 Bc4 44. Nd5 Rf7 45. Rd8+ Kh7 46. Nxc3 dxc3 47. Rc2 Bf6
48. Rd6 Be5 49. Rd8 Bf6 50. Rd6 Be5 51. Rd8 Ra7 52. Bd5 Bf6 53. Bxc4 Bxd8 54.
Bxb5 Kg7 55. Rxc3 Rxa2 56. Re3 Rxf2+ 57. Kh1 f4 58. Re2 Rf3 59. gxf4 Rxh3+ 60.
Kg2 g4 61. Rd2 Ba5 62. Rd3 Rh4 63. Be8 Kf8 64. Bg6 Kg7 65. Be8 Kf8 66. Bg6 Ke7
67. Rd5 Bc7 68. Rh5 Rxh5 69. Bxh5 Bxf4 70. Bxg4 Bg3 71. Bh5 Bf4 72. Bf3 Bg3 73.
Kxg3 h5 74. Bxh5 1/2-1/2

[Event "Olimpiade 2022 - Open"]
[Site "Chennai"]
[Date "07.08.2022"]
[Round "9.32"]
[Board "1"]
[White "Cardoso Cardoso, Jose Gabriel"]
[Black "Berend, Fred"]
[Result "1-0"]
[WhiteTitle "FM"]
[BlackTitle "IM"]
[WhiteElo "2493"]
[BlackElo "2307"]
[WhiteTeam "Colombia"]
[BlackTeam "Luxembourg"]
[WhiteFideId "4430492"]
[BlackFideId "4000102"]
[EventDate "2022.07.29"]

1. e4 e6 2. d4 d5 3. Nc3 Bb4 4. e5 c5 5. a3 Bxc3+ 6. bxc3 Ne7 7. Qg4 Qc7 8. Bd3
c4 9. Be2 Qa5 10. Bd2 Nf5 11. Nh3 Nc6 12. Nf4 Bd7 13. Nh5 O-O-O 14. Qf4 Rhg8 15.
g4 Nfe7 16. Qg5 h6 17. Qe3 Qa4 18. Ra2 Kb8 19. h4 Ka8 20. Ng3 Rdf8 21. h5 Qa5
22. a4 f6 23. f4 fxe5 24. dxe5 g5 25. hxg6 Nxg6 26. Nh5 d4 27. cxd4 c3 28. Qxc3
Qd5 29. O-O Qxa2 30. Bc4 Nxd4 31. Qxd4 Qa3 32. Be3 b6 33. Nf6 Bc8 34. Nxg8 Rxg8
35. a5 Qxa5 36. Ra1 Qc5 37. Rxa7+ Kb8 38. Qe4 Qxe3+ 39. Qxe3 Kxa7 40. f5 Nxe5
41. Qxe5 Rxg4+ 42. Kf1 Rxc4 43. f6 Ba6 44. Ke1 Rxc2 45. f7 Rc1+ 46. Kd2 Rf1 47.
f8=Q Rxf8 48. Qg7+ Bb7 49. Qxf8 Bd5 50. Qxh6 Ka6 51. Kc3 Kb5 52. Qf8 Ka5 53. Qe8
Ka6 54. Kb4 Ka7 55. Kb5 Bb7 56. Qe7 e5 57. Qa3+ Kb8 58. Kxb6 1-0